| 000 | 00961nam a2200253 a 4500 | ||
|---|---|---|---|
| 005 | 20240601063635.0 | ||
| 008 | 991125s1976 mad 000 0 spa u | ||
| 020 | _a8436204433 | ||
| 035 | _aUPN01000046124 | ||
| 049 | _aCG | ||
| 050 | 4 |
_aT45 _bG6.6 |
|
| 100 | 1 |
_aGonzalo Fernández, Jesús Ramón _936543 |
|
| 245 | 1 | 3 |
_aLa pretecnología como disciplina : _bnúcleo tecnológico : mecánica / _cpor Jesús Ramón Gonzalo Fernández, Paz Badillo Serrano, Francisco Carrillo Mora. |
| 260 |
_aMadrid : _bUNED, _c1976. |
||
| 300 |
_a121 p. : _bil. |
||
| 440 | 0 |
_aPretecnología ; _v1 |
|
| 500 | _a"Ministerio de Educación y Ciencia" | ||
| 500 | _a"Programa Nacional de Especialización del Profesorado de Educación General Básica" | ||
| 650 | 7 |
_aTecnología _xEstudio y enseñanza _2 _99465 |
|
| 650 | 4 |
_aMecánica _xEstudio y enseñanza _923861 |
|
| 700 | 1 |
_aBadillo Serrano, Paz, _ecoaut. |
|
| 700 | 1 |
_aCarrillo Mora, Francisco, _ecoaut. |
|
| 905 | _aLibro | ||
| 999 |
_c46124 _d46124 |
||